مخز ن حکمت و مو عظت (Record no. 171633)
[ view plain ]
| 000 -LEADER | |
|---|---|
| fixed length control field | 00672nam a22001937a 4500 |
| 005 - DATE AND TIME OF LATEST TRANSACTION | |
| control field | 20200116152947.0 |
| 010 ## - LCCN (DPL NO) | |
| LC control number | A-791281 |
| 020 ## - INTERNATIONAL STANDARD BOOK NUMBER | |
| Terms of availability | 35.00 |
| International Standard Book Number | - |
| 035 ## - SYSTEM CONTROL NUMBER | |
| System control number | A-791281 |
| 037 ## - SOURCE OF ACQUISITION | |
| Source of stock number/acquisition | BPPD/Pub. |
| Stock number | - |
| 082 ## - DEWEY DECIMAL CLASSIFICATION NUMBER | |
| Classification number | 899.151 |
| 100 ## - MAIN ENTRY--PERSONAL NAME | |
| Personal name | مر ز ا عبدا لقا د ر بيد ل |
| 245 ## - TITLE STATEMENT | |
| Title | مخز ن حکمت و مو عظت |
| Statement of responsibility, etc | مر ز ا عبدا لقا د ر بيد ل |
| 246 ## - VARYING FORM OF TITLE | |
| Remainder of title | Makhzan-e-Hikmat wa Moizzat (Urdu) |
| Title proper/short title | by Mirza Abdul Qadir Bedil |
| 260 ## - PUBLICATION, DISTRIBUTION, ETC. (IMPRINT) | |
| Place of publication, distribution, etc | N.D. |
| Name of publisher, distributor, etc | Modern Publishing House |
| Date of publication, distribution, etc | 1994 ء |
| 270 ## - ADDRESS | |
| Address | 9,Gola market Darya Ganj |
| City | N.Delhi |
| Postal code | 110002 |
| Telephone number | - |
| Fax number | - |
| 300 ## - PHYSICAL DESCRIPTION | |
| Extent | 64 ص |
| Dimensions | 22 Cm(Hb) |
| 942 ## - ADDED ENTRY ELEMENTS (KOHA) | |
| Source of classification or shelving scheme | Dewey Decimal Classification |
| Item type | Urdu Bks |
| Classification part | 899.151 |
| Call number suffix | ع ب د |
| Withdrawn status | Lost status | Not for loan | Collection code | Home library | Current library | Date acquired | Source of acquisition | Cost, normal purchase price | Full call number | Barcode | Copy number | Cost, replacement price | Koha item type |
|---|---|---|---|---|---|---|---|---|---|---|---|---|---|
| Non-fiction | Central Library | Central Jail Tihar | 16/01/2020 | BPPD/Ven. | 35.00 | 899.151 ع ب د | A-791281 | 1 | 35.00 | Urdu Bks |
